000
00271nam a2200109Ia 4500
008
220714s9999 xx 000 0 und d
020
_a
0 7172 5662 6
082
_a
Ref 150 PSYC
100
_a
No author, editors only
245
0
_a
Thinking and Knowing Vol 3
942
_c
BK
_w
561
_x
John Tresidder
_y
561
_z
John Tresidder
999
_c
720283
_d
720282